Statistics for World Capitals Containing the Letter V

Click here to take the quiz!

General Stats

  • This quiz has been taken 1,085 times
  • The average score is 17 of 23

Answer Stats

ContinentCapital% Correct
EuropeVaduz
92%
EuropeValletta
92%
EuropeVienna
92%
EuropeVilnius
92%
EuropeVatican City
90%
AsiaVientiane
84%
South AmericaMontevideo
79%
AfricaVictoria
79%
EuropeReykjavik
77%
OceaniaSuva
76%
OceaniaPort-Vila
75%
EuropeKiev
74%
EuropeAndorra la Vella
73%
North AmericaHavana
73%
EuropeSarajevo
73%
EuropeBratislava
72%
AfricaMonrovia
66%
AfricaAntananarivo
65%
AfricaBrazzaville
65%
North AmericaSan Salvador
65%
AfricaLibreville
62%
AsiaYerevan
58%
AfricaPorto-Novo
56%

Score Distribution

Percentile by Number Answered

Percent of People with Each Score

Your Score History

You have not taken this quiz